| 000 | 00876cab a22001935a 4500 | ||
|---|---|---|---|
| 001 | L145452 | ||
| 008 | 081010s2008 xxk f v 000 0 eng d | ||
| 035 | _a(Sirsi) u145452 | ||
| 041 | 0 | _aeng | |
| 100 | 1 | _aHall, Matthew | |
| 245 | 0 | 0 | _aLeeds demand show no sign of letting up |
| 260 | _c2008 | ||
| 490 | 0 |
_aProperty Forecast _v11(9)September 2008, 10-11(2) |
|
| 520 | _aExplains that the effects of worldwide economic uncertainty continue to overshadow the UK property markets, especially the office sector. Describes the current state of the Leeds market and considers the impact on investment on Leeds office markets. Concludes that regional markets like Leeds offer a more defensive position than south east and central London markets. Tables. | ||
| 590 | _aKA | ||
| 651 | 4 | _aLeeds | |
| 690 | _aPROPERTY-COMMERCIAL PROPERTY-COMMERCIAL PROPERTY MARKET | ||
| 942 | _n0 | ||
| 999 |
_c80817 _d80817 |
||